| 000 | 007840000a22002170004500 | ||
|---|---|---|---|
| 020 | _a0-85151-439-1 : Donación | ||
| 041 | 0 | _aSpa. | |
| 082 | 0 | 4 | _aG 286.123092 M9811g |
| 100 | 1 | _aMurray, Iain H. | |
| 245 | 1 | 0 | _aSpurgeon : Un príncipe olvidado / Iain Murray; Miguel Blach, Traductor |
| 260 | _aGran Bretaña : El Estandarte de la Verdad | ||
| 300 | _a156 p. | ||
| 501 | _aEncuadernado en rústico con pasta flexible. | ||
| 505 | 0 | 0 | _aLa persona de Spurgeon -- La posición doctrinal de Spurgeon -- Hipercalvinismo -- El arminianismo oscurece la gracia. |
| 650 | 1 | 4 | _aORADORES - SPURGEON \ EXPOSICION (RETORICA) - SPURGEON |
| 001 | 11861 | ||
| 942 | _cBK | ||
| 999 |
_c40933 _d40933 |
||
| 336 |
_atexto _btxt _2rdacontent |
||
| 337 |
_2rdamedia _asin mediación _bn |
||
| 338 |
_2rdacarrier _avolumen _bnc |
||